| 000 | 01443cam a22004337a 4500 | ||
|---|---|---|---|
| 003 | CHAP | ||
| 005 | 20220817043916.0 | ||
| 008 | 030918s2002 it a rn 00010 eng d | ||
| 010 | _a87708 | ||
| 011 | _a88680 | ||
| 020 | _a9251048096 | ||
| 035 | _a99225 | ||
| 040 | _cCHAP | ||
| 082 | 0 | 4 |
_a633.11 _bF34 |
| 110 | 2 | _aFAO | |
| 245 | 1 | 0 |
_aBread wheat : _bimprovement and production _c/ed. by B.C. Curtis, S. Rajaram and H. Gómez Macpherson |
| 260 |
_aRome : _bFAO, _c2002. |
||
| 300 |
_a554 p. : _bilus. |
||
| 490 | 0 |
_aFAO. Producción y protección vegetal _v; 30 |
|
| 590 |
_aBATCH-UPD _b10 _c20130110 _lUCH01 _h0458 |
||
| 590 |
_aBATCH-UPD _b10 _c20130110 _lUCH01 _h2259 |
||
| 590 |
_aBATCH-UPD _b10 _c20130410 _lUCH01 _h0136 |
||
| 590 |
_aBATCH-UPD _b10 _c20130410 _lUCH01 _h1552 |
||
| 590 |
_aBATCH-UPD _b10 _c20130914 _lUCH01 _h1133 |
||
| 590 |
_aCONVERSION _b10 _c20130109 _lUCH01 _h1349 |
||
| 650 | 1 | 4 |
_aTrigo _xEnfermedades. _9115017 |
| 650 | 1 | 4 |
_aTrigo _xIrrigación. _9115050 |
| 650 | 1 | 4 |
_aTrigo _xMejoramiento. _9115057 |
| 650 | 1 | 4 |
_aTrigo _xPlagas. _9115076 |
| 650 | 1 | 4 |
_aTrigo _xSemilla. _9115097 |
| 700 | 0 |
_aCurtis, B.C. _930724 |
|
| 700 | 0 |
_aMacpherson, Helena Gómez. _969541 |
|
| 700 | 0 |
_aRajaram, Sanjaya. _993772 |
|
| 830 | 0 |
_aFAO. Producción y protección vegetal _v; 30 _939654 |
|
| 901 | _aBK | ||
| 905 | _aAlejandra Carrasco M. | ||
| 942 | _cLIBRO | ||
| 949 |
_a633.11 F34 _bBC _cFAO _d33724000898185 _eFAO1 _h103976 _i99225 _sb |
||
| 999 |
_c87708 _d87708 |
||